[Event "CAMPEONATO PANAMERICANO-CONTINENTAL ABSOLUTO 2010"
[Site "Cali, Departamento del Valle del Cauca"]
[Date "2010.11.17"]
[Round "1"]
[Board "1"]
[White "Manrique, Fernando"]
[Black "Contreras, Henry"]
[Result "0-1"]
[WhiteElo "1964"]
[BlackElo "2202"]
[PlyCount "70"]
[EventDate "2010.11.17"]
[EventRounds "9"]
[EventCountry "COL"]

1.e4 c5 2.Nf3 d6 3.d4 cxd4 4.Nxd4 Nf6 5.Nc3 g6 6.f4 Nc6 7.Nxc6 bxc6 8.e5 Nd7
9.exd6 exd6 10.Bc4 Nb6 11.Qd4 f6 12.Qe4+ Qe7 13.Qxe7+ Bxe7 14.Be2 d5 15.Be3 O-O
16.O-O-O Bb7 17.Bf3 Rfe8 18.Bxb6 axb6 19.a3 Bd6 20.g3 Re3 21.Rd3 Rxd3 22.cxd3 h5
23.Re1 Kf7 24.Kd2 f5 25.Bd1 h4 26.Bf3 hxg3 27.hxg3 Rh8 28.Rh1 Rxh1 29.Bxh1 Bc5
30.Bf3 Bc8 31.Bd1 Bf2 32.Ne2 Kf6 33.Ba4 Bd7 34.Kc3 g5 35.Kd2 g4

[Event "CAMPEONATO PANAMERICANO-CONTINENTAL ABSOLUTO 2010"
[Site "Cali, Departamento del Valle del Cauca"]
[Date "2010.11.17"]
[Round "2"]
[Board "1"]
[White "Ortiz Suarez, Isan Reynaldo"]
[Black "Zuluaga, Cesar"]
[Result "1-0"]
[WhiteElo "2543"]
[BlackElo "2316"]
[PlyCount "117"]
[EventDate "2010.11.17"]
[EventRounds "9"]
[EventCountry "COL"]

1.e4 c5 2.Nf3 e6 3.d4 cxd4 4.Nxd4 a6 5.Nc3 Qc7 6.Bd3 Nf6 7.Qe2 d6 8.g4 h6 9.Bd2
Nc6 10.Nxc6 bxc6 11.f4 e5 12.g5 hxg5 13.fxg5 Nh5 14.O-O-O g6 15.Bc4 Bg7 16.Rdf1
O-O 17.Qf3 Qe7 18.Ne2 Be6 19.Bb3 a5 20.a4 Rfb8 21.Bxe6 Qxe6 22.h4 d5 23.b3 d4
24.Ng3 Nxg3 25.Qxg3 c5 26.h5 c4 27.hxg6 Qxg6 28.Qh4 c3 29.Be1 Ra6 30.Rh3 Rab6
31.Rf5 R8b7 32.Kd1 Re7 33.Rhf3 Kf8 34.Rf6 Bxf6 35.gxf6 Ree6 36.Qh8+ Qg8 37.Qh6+
Ke8 38.Rg3 Qf8 39.Qh7 Rxf6 40.Rg8 Rh6 41.Qg7 Qxg8 42.Qxg8+ Ke7 43.Bh4+ Rbf6
44.Bxf6+ Kxf6 45.Qd8+ Kg6 46.Qxa5 Rh1+ 47.Ke2 Rh2+ 48.Kd3 f6 49.Qd8 Rd2+ 50.Kc4
Rxc2 51.Qg8+ Kh6 52.Qg1 Rd2 53.Qa1 Kg5 54.a5 Kf4 55.a6 c2 56.Qc1 Ke3 57.a7 Ke2
58.a8=Q d3 59.Qg8

[Event "CAMPEONATO PANAMERICANO-CONTINENTAL ABSOLUTO 2010"
[Site "Cali, Departamento del Valle del Cauca"]
[Date "2010.11.17"]
[Round "2"]
[Board "1"]
[White "Vittorino, Carlo Giovanni"]
[Black "Barrientos, Sergio E"]
[Result "0-1"]
[WhiteElo "2305"]
[BlackElo "2516"]
[PlyCount "68"]
[EventDate "2010.11.17"]
[EventRounds "9"]
[EventCountry "COL"]

1.d4 Nf6 2.c4 e6 3.g3 c5 4.d5 exd5 5.cxd5 d6 6.Nc3 g6 7.Bg2 Bg7 8.Nf3 O-O 9.O-O
a6 10.a4 Re8 11.h3 Nbd7 12.Nd2 Qc7 13.Re1 Rb8 14.a5 b5 15.axb6 Nxb6 16.e4 Nfd7
17.Qc2 c4 18.Nf3 Nc5 19.Be3 Nbd7 20.Nd4 Ne5 21.Reb1 Bd7 22.Nc6 Nxc6 23.dxc6 Qxc6
24.e5 Qc8 25.exd6 Bf5 26.Qd1 Bxb1 27.Rxb1 Nd3 28.Qa4 Rxe3 29.fxe3 Bxc3 30.d7 Qc5
31.d8=Q+ Rxd8 32.bxc3 Qxe3+ 33.Kh2 Ne1 34.Qxc4 Rd2

[Event "CAMPEONATO PANAMERICANO-CONTINENTAL ABSOLUTO 2010"
[Site "Cali, Departamento del Valle del Cauca"]
[Date "2010.11.17"]
[Round "2"]
[Board "1"]
[White "Cori, Jorge"]
[Black "Morales, Jhon Alexander"]
[Result "1-0"]
[WhiteElo "2502"]
[BlackElo "2309"]
[PlyCount "83"]
[EventDate "2010.11.17"]
[EventRounds "9"]
[EventCountry "COL"]

1.d4 Nf6 2.Nf3 e6 3.Nbd2 c5 4.e3 b6 5.b3 Bb7 6.Bb2 Be7 7.Bd3 O-O 8.O-O d6 9.Re1
Nc6 10.a3 Rc8 11.Rc1 Qc7 12.c4 Qb8 13.Qc2 h6 14.Qb1 Qa8 15.Bc3 Nb8 16.b4 Nbd7
17.e4 cxd4 18.Nxd4 Rfe8 19.Bf1 Bf8 20.f3 Qb8 21.Nc2 Bc6 22.Qb2 h5 23.Bd4 Be7
24.Bf2 Bb7 25.Bg3 Bd8 26.Nd4 a6 27.Bd3 Bc7 28.Nf1 Ne5 29.Be2 Ng6 30.Bd3 h4
31.Bf2 h3 32.g3 Ne5 33.Be2 Bd8 34.Nd2 Be7 35.Bf1 d5 36.exd5 exd5 37.Nf5 Bf8
38.c5 g6 39.Bd4 Nfd7 40.Nd6 Bxd6 41.cxd6 Qxd6 42.Rxc8

[Event "CAMPEONATO PANAMERICANO-CONTINENTAL ABSOLUTO 2010"
[Site "Cali, Departamento del Valle del Cauca"]
[Date "2010.11.17"]
[Round "2"]
[Board "1"]
[White "Lima, Darcy"]
[Black "Arribas Robaina, Maritza"]
[Result "1-0"]
[WhiteElo "2482"]
[BlackElo "2281"]
[PlyCount "113"]
[EventDate "2010.11.17"]
[EventRounds "9"]
[EventCountry "COL"]

1.g3 Nf6 2.Bg2 e5 3.e4 Bc5 4.Nc3 O-O 5.Nf3 Re8 6.O-O Nc6 7.d3 h6 8.Nd5 Nxd5
9.exd5 Nd4 10.Nd2 Nf5 11.Nc4 d6 12.Bd2 a6 13.b4 Ba7 14.Na5 Rb8 15.c3 Bd7 16.a4
Qc8 17.Re1 Ne7 18.Be3 Bxe3 19.fxe3 Bg4 20.Qd2 Qf5 21.c4 Qh5 22.c5 f5 23.Nc4 Rbd8
24.e4 fxe4 25.dxe4 Rf8 26.Rf1 Rxf1+ 27.Rxf1 Be2 28.Rc1 Bxc4 29.Rxc4 dxc5 30.bxc5
Nc6 31.h4 g5 32.hxg5 hxg5 33.Qd3 g4 34.Qe3 Nd4 35.Rxd4 exd4 36.Qxd4 Qg5 37.d6
cxd6 38.cxd6 Qc1+ 39.Bf1 Rf8 40.Qc4+ Qxc4 41.Bxc4+ Kg7 42.e5 Rf3 43.Be2 Rxg3+
44.Kf2 Rh3 45.Bxg4 Rd3 46.Be2 Rd4 47.Ke3 Rd5 48.Ke4 Rd2 49.Ke3 Rd5 50.Ke4 Rd2
51.Bf3 Kf7 52.Ke3 Rb2 53.Bh5+ Ke6 54.Bg4+ Kxe5 55.d7 Rb3+ 56.Ke2 Rb2+ 57.Ke1

[Event "CAMPEONATO PANAMERICANO-CONTINENTAL ABSOLUTO 2010"
[Site "Cali, Departamento del Valle del Cauca"]
[Date "2010.11.17"]
[Round "2"]
[Board "1"]
[White "Guerrero, Juan Carlos"]
[Black "Arenas, David"]
[Result "0-1"]
[WhiteElo "2254"]
[BlackElo "2443"]
[PlyCount "84"]
[EventDate "2010.11.17"]
[EventRounds "9"]
[EventCountry "COL"]

1.d4 Nf6 2.c4 g6 3.Nc3 Bg7 4.e4 d6 5.Nf3 O-O 6.Be2 e5 7.O-O Nbd7 8.Be3 Re8
9.dxe5 dxe5 10.Qc2 c6 11.b4 Qc7 12.Rad1 Nf8 13.Bc5 N6d7 14.Bd6 Qd8 15.b5 Qa5
16.Nd2 Ne6 17.Nb3 Qd8 18.c5 Qg5 19.bxc6 bxc6 20.Rd3 Ndf8 21.Rg3 Qh4 22.Rd1 Nd4
23.Nxd4 exd4 24.Nb1 f5 25.exf5 Bxf5 26.Bc4+ Kh8 27.Qa4 d3 28.Nd2 Re2 29.Nf3 Qe4
30.Qb3 Re8 31.h3 Be6 32.Bxf8 Bxf8 33.Bxe6 Qxe6 34.Qxd3 Qxa2 35.Rg4 Qc2 36.Rc4
Re1+ 37.Nxe1 Rxe1+ 38.Kh2 Qxd1 39.Qa3 Qa1 40.Qd3 Rh1+ 41.Kg3 Qe5+ 42.f4 Qe1+

[Event "CAMPEONATO PANAMERICANO-CONTINENTAL ABSOLUTO 2010"
[Site "Cali, Departamento del Valle del Cauca"]
[Date "2010.11.17"]
[Round "2"]
[Board "1"]
[White "Rios, Cristhian Camilo"]
[Black "Mateus, Alejandro"]
[Result "1-0"]
[WhiteElo "2405"]
[BlackElo "2274"]
[PlyCount "75"]
[EventDate "2010.11.17"]
[EventRounds "9"]
[EventCountry "COL"]

1.d4 d5 2.c4 c6 3.Nf3 Nf6 4.Nc3 a6 5.c5 Nbd7 6.Bf4 Nh5 7.Bg5 h6 8.Be3 Qc7 9.h3
Nhf6 10.Qd2 e5 11.Nxe5 Nxe5 12.Bf4 Nfd7 13.e4 g5 14.Bg3 dxe4 15.dxe5 Qa5 16.a3
Bxc5 17.Rd1 Be7 18.Qd4 Qb6 19.Nxe4 Qxd4 20.Rxd4 O-O 21.Nd6 Bxd6 22.exd6 Re8+
23.Kd1 c5 24.Rd2 b5 25.Bd3 Nf6 26.Rf1 Be6 27.Bh2 Rad8 28.Kc1 Rd7 29.Be5 Nd5
30.Be4 Nb6 31.f4 gxf4 32.Bxf4 Bc4 33.Re1 Nd5 34.Bg3 Nf6 35.Bc6 Rxe1+ 36.Bxe1 Rd8
37.Bh4 Kg7 38.d7

[Event "CAMPEONATO PANAMERICANO-CONTINENTAL ABSOLUTO 2010"
[Site "Cali, Departamento del Valle del Cauca"]
[Date "2010.11.17"]
[Round "2"]
[Board "1"]
[White "Chirivi C, Jenny Astrid"]
[Black "Molina, Roberto Junio Brito"]
[Result "0-1"]
[WhiteElo "2244"]
[BlackElo "2401"]
[PlyCount "130"]
[EventDate "2010.11.17"]
[EventRounds "9"]
[EventCountry "COL"]

1.d4 d5 2.c4 e6 3.Nc3 Be7 4.Nf3 Nf6 5.cxd5 exd5 6.Bg5 c6 7.Qc2 Na6 8.a3 Nc7 9.e3
Ne6 10.Bh4 g6 11.Bd3 Ng7 12.O-O O-O 13.b4 a6 14.Rab1 Bf5 15.h3 Bxd3 16.Qxd3 Nf5
17.Bg5 Ne4 18.Bxe7 Qxe7 19.Qc2 Nfd6 20.Nxe4 Nxe4 21.a4 Nd6 22.Rb3 Rac8 23.Re1
Rfe8 24.Nd2 Qf6 25.Qd3 Re7 26.Rc1 Rce8 27.Rbb1 Kg7 28.Nf3 Re6 29.Ne5 Qe7 30.Rc3
f6 31.Nf3 Qf7 32.Nd2 g5 33.Nb3 R6e7 34.Nc5 h5 35.Nxa6 bxa6 36.Rxc6 Ne4 37.Rbc1
g4 38.hxg4 hxg4 39.Qxa6 g3 40.fxg3 Nxg3 41.Kf2 Ne4+ 42.Kg1 Rh8 43.Rc8 Qh5
44.Rxh8 Qxh8 45.Qc8 Qh4 46.Qh3 Qf2+ 47.Kh2 Ng5 48.Qg3 Qxg3+ 49.Kxg3 Rxe3+ 50.Kh2
Rb3 51.b5 Ne6 52.Rc6 Nxd4 53.Rd6 Rb4 54.Rxd5 Rxa4 55.b6 Rb4 56.b7 Ne6 57.Rd7+
Kg6 58.Rd6 Nc5 59.Rc6 Nxb7 60.Kg3 Nd8 61.Ra6 Rb3+ 62.Kf2 Nf7 63.Ra8 Ne5 64.Rd8
Kf5 65.Ra8 Ng4+

[Event "CAMPEONATO PANAMERICANO-CONTINENTAL ABSOLUTO 2010"
[Site "Cali, Departamento del Valle del Cauca"]
[Date "2010.11.17"]
[Round "2"]
[Board "1"]
[White "Gallego Alcaraz, Andres Felipe"]
[Black "Garavito, Miguel Angel"]
[Result "1-0"]
[WhiteElo "2388"]
[BlackElo "2253"]
[PlyCount "59"]
[EventDate "2010.11.17"]
[EventRounds "9"]
[EventCountry "COL"]

1.d4 g6 2.e4 d6 3.Nc3 Bg7 4.Be3 c6 5.Qd2 b5 6.Nf3 Qc7 7.h3 Nd7 8.a3 Nb6 9.Bd3
Nc4 10.Bxc4 bxc4 11.O-O Rb8 12.e5 d5 13.b3 cxb3 14.cxb3 e6 15.Na4 Rxb3 16.Rab1
Rxb1 17.Rxb1 Ne7 18.Bh6 O-O 19.Nc5 Nf5 20.Bxg7 Kxg7 21.Qf4 h6 22.g4 Ne7 23.h4
Kh7 24.Qe3 Kg7 25.Kg2 Rh8 26.Qf4 Rf8 27.Qf6+ Kg8 28.h5 Kh7 29.Ng5+ hxg5 30.Rh1

[Event "CAMPEONATO PANAMERICANO-CONTINENTAL ABSOLUTO 2010"
[Site "Cali, Departamento del Valle del Cauca"]
[Date "2010.11.17"]
[Round "2"]
[Board "1"]
[White "Arias, Lemmys A"]
[Black "Munoz, Julian Andres"]
[Result "1/2-1/2"]
[WhiteElo "2352"]
[BlackElo "2158"]
[PlyCount "79"]
[EventDate "2010.11.17"]
[EventRounds "9"]
[EventCountry "COL"]

1.e4 c5 2.Nf3 Nc6 3.d4 cxd4 4.Nxd4 Nf6 5.Nc3 e5 6.Ndb5 d6 7.Bg5 a6 8.Na3 Be6
9.Nc4 Rc8 10.Ne3 Qb6 11.Bxf6 Qxb2 12.Ncd5 Bxd5 13.Nxd5 Nb4 14.Bd3 Nxd5 15.exd5
Qc3+ 16.Kf1 gxf6 17.Rb1 Rc7 18.Qf3 Ke7 19.g3 h5 20.h4 Qd4 21.Kg2 Bh6 22.Bf5 Qa4
23.Rb6 Bd2 24.Rhb1 Rb8 25.Qxh5 Ba5 26.R6b3 b5 27.Qf3 Qd4 28.Rd1 Qc5 29.a4 Bb6
30.axb5 a5 31.h5 Rh8 32.Rdd3 Qxc2 33.Rdc3 Rxc3 34.Rxc3 Qd2 35.Rc6 Qd4 36.Be4 a4
37.Qe3 Qxe3 38.fxe3 Rb8 39.Kf3 a3 40.Rc1

[Event "CAMPEONATO PANAMERICANO-CONTINENTAL ABSOLUTO 2010"
[Site "Cali, Departamento del Valle del Cauca"]
[Date "2010.11.17"]
[Round "2"]
[Board "1"]
[White "Cadena, Gustavo Adolfo"]
[Black "Guerra Tulcan, Lenin"]
[Result "0-1"]
[WhiteElo "2051"]
[BlackElo "2350"]
[PlyCount "86"]
[EventDate "2010.11.17"]
[EventRounds "9"]
[EventCountry "COL"]

1.d4 Nf6 2.c4 c5 3.d5 b5 4.cxb5 a6 5.bxa6 Bxa6 6.Nc3 d6 7.e4 Bxf1 8.Kxf1 g6 9.g3
Nbd7 10.Kg2 Bg7 11.Nge2 O-O 12.Qc2 Ra6 13.a4 Qa8 14.Nb5 Qb7 15.Nec3 Rfa8 16.f3
Nb6 17.b3 c4 18.Be3 Nfd7 19.Bxb6 Nxb6 20.Rhb1 cxb3 21.Rxb3 Qc8 22.Rc1 Nxa4
23.Nxa4 Qxc2+ 24.Rxc2 Rxa4 25.Nc7 Rc8 26.Rb7 h5 27.Kf2 Bd4+ 28.Kg2 Bf6 29.Kh3 g5
30.Kg2 Kh7 31.h3 Kg6 32.Re2 Rc4 33.Nb5 Rc2 34.Rf2 Rxf2+ 35.Kxf2 Rc2+ 36.Kg1 Rb2
37.Kf1 h4 38.g4 Be5 39.Kg1 Kf6 40.Kf1 Rh2 41.Nc7 Rxh3 42.Kg2 Rh2+ 43.Kg1 Rd2

[Event "CAMPEONATO PANAMERICANO-CONTINENTAL ABSOLUTO 2010"
[Site "Cali, Departamento del Valle del Cauca"]
[Date "2010.11.17"]
[Round "2"]
[Board "1"]
[White "Sanabria Rangel, Sergio Andres"]
[Black "Fernandez, Jaime"]
[Result "1-0"]
[WhiteElo "2335"]
[BlackElo "2015"]
[PlyCount "45"]
[EventDate "2010.11.17"]
[EventRounds "9"]
[EventCountry "COL"]

1.Nf3 Nf6 2.g3 d5 3.Bg2 e6 4.d4 Nbd7 5.c4 c6 6.O-O Bb4 7.Bd2 Bxd2 8.Nbxd2 O-O
9.Qc2 Qc7 10.Rfe1 Re8 11.Rad1 c5 12.cxd5 Nxd5 13.dxc5 Nb4 14.Qe4 a5 15.Ng5 g6
16.a3 Nxc5 17.Qh4 f6 18.Nde4 Nxe4 19.Nxe4 Nd5 20.Rxd5 exd5 21.Nxf6+ Kf8 22.Nxe8
Kxe8 23.Qd4

[Event "CAMPEONATO PANAMERICANO-CONTINENTAL ABSOLUTO 2010"
[Site "Cali, Departamento del Valle del Cauca"]
[Date "2010.11.17"]
[Round "2"]
[Board "1"]
[White "Suasnabar, Jesus"]
[Black "Panesso Rivera, Henry"]
[Result "0-1"]
[WhiteElo "1967"]
[BlackElo "2333"]
[PlyCount "76"]
[EventDate "2010.11.17"]
[EventRounds "9"]
[EventCountry "COL"]

1.d4 Nf6 2.Nf3 g6 3.c4 Bg7 4.Nc3 O-O 5.Bf4 d6 6.h3 b6 7.e3 Bb7 8.Be2 Ne4 9.Nxe4
Bxe4 10.O-O c5 11.Nd2 Bb7 12.Bf3 Qd7 13.Bxb7 Qxb7 14.Nf3 Nc6 15.Rc1 Rfd8 16.Bg3
Qa6 17.d5 Na5 18.Qe2 Rab8 19.e4 b5 20.b4 cxb4 21.cxb5 Qxb5 22.Qxb5 Rxb5 23.Rc7
Rb7 24.Rfc1 Bc3 25.Rxb7 Nxb7 26.e5 Nc5 27.exd6 exd6 28.Rc2 a5 29.Bh4 f6 30.Nd2
a4 31.Nc4 g5 32.Bg3 Ne4 33.Bh2 Rc8 34.Na5 Rc5 35.Nc6 b3 36.axb3 axb3 37.Rc1 b2
38.Rd1 Bd2

[Event "CAMPEONATO PANAMERICANO-CONTINENTAL ABSOLUTO 2010"
[Site "Cali, Departamento del Valle del Cauca"]
[Date "2010.11.17"]
[Round "2"]
[Board "1"]
[White "Condori, Edwin"]
[Black "Rodriguez Vila, Andres"]
[Result "0-1"]
[WhiteElo "2171"]
[BlackElo "2556"]
[PlyCount "54"]
[EventDate "2010.11.17"]
[EventRounds "9"]
[EventCountry "COL"]

1.d4 e6 2.c4 Bb4+ 3.Bd2 Qe7 4.Nc3 f5 5.g3 Nf6 6.Bg2 O-O 7.Nf3 d6 8.O-O Nbd7
9.Rc1 c5 10.a3 Bxc3 11.Bxc3 Ne4 12.b4 b6 13.Bb2 Bb7 14.Rc2 cxb4 15.axb4 d5 16.c5
Bc6 17.Rc1 Rfb8 18.Bc3 Qf6 19.Ba1 Qh6 20.Re1 bxc5 21.bxc5 f4 22.Ne5 Nxe5 23.dxe5
Nxf2 24.Kxf2 Qxh2 25.Rc3 d4 26.Rf3 fxg3+ 27.Kf1 Rf8

[Event "CAMPEONATO PANAMERICANO-CONTINENTAL ABSOLUTO 2010"
[Site "Cali, Departamento del Valle del Cauca"]
[Date "2010.11.17"]
[Round "2"]
[Board "1"]
[White "Torres, Jose Arturo"]
[Black "Perez Rodriguez, Luis Manuel"]
[Result "1/2-1/2"]
[WhiteElo "2202"]
[BlackElo "2483"]
[PlyCount "34"]
[EventDate "2010.11.17"]
[EventRounds "9"]
[EventCountry "COL"]

1.e4 e5 2.Nf3 Nc6 3.d4 exd4 4.Bc4 Nf6 5.e5 d5 6.Bb5 Ne4 7.Nxd4 Bd7 8.Bxc6 bxc6
9.O-O c5 10.Nb3 c6 11.f3 Ng5 12.c4 dxc4 13.N3d2 Ne6 14.Nxc4 Nd4 15.Nc3 Be7
16.Nd6+ Bxd6 17.exd6 Bf5

[Event "CAMPEONATO PANAMERICANO-CONTINENTAL ABSOLUTO 2010"
[Site "Cali, Departamento del Valle del Cauca"]
[Date "2010.11.17"]
[Round "2"]
[Board "1"]
[White "Prieto, Ernesto"]
[Black "Zapata, Alonso"]
[Result "0-1"]
[WhiteElo "2102"]
[BlackElo "2482"]
[PlyCount "52"]
[EventDate "2010.11.17"]
[EventRounds "9"]
[EventCountry "COL"]

1.e4 c5 2.Nf3 e6 3.d4 cxd4 4.Nxd4 Nc6 5.Be3 Nf6 6.Nc3 Bb4 7.Bd3 d5 8.Nxc6 bxc6
9.exd5 exd5 10.Bd2 Bg4 11.f3 Be6 12.O-O O-O 13.Kh1 Re8 14.Ne2 Qb6 15.c3 Bd6
16.Qc1 c5 17.Bg5 Nd7 18.Nf4 Nf8 19.Nh5 Nd7 20.Bh6 g6 21.Ng7 Re7 22.Re1 Bc7
23.Nf5 gxf5 24.Bxf5 Bxf5 25.Rxe7 Qd6 26.Bf4 Qxe7

[Event "CAMPEONATO PANAMERICANO-CONTINENTAL ABSOLUTO 2010"
[Site "Cali, Departamento del Valle del Cauca"]
[Date "2010.11.17"]
[Round "2"]
[Board "1"]
[White "Uribe, Mauricio"]
[Black "Kostov, Alex"]
[Result "1-0"]
[WhiteElo "2381"]
[BlackElo "2055"]
[PlyCount "73"]
[EventDate "2010.11.17"]
[EventRounds "9"]
[EventCountry "COL"]

1.e4 e5 2.Nf3 Nc6 3.Bb5 a6 4.Ba4 Nf6 5.O-O Be7 6.Bxc6 dxc6 7.d3 Bg4 8.h3 Bxf3
9.Qxf3 Qd6 10.Nd2 Nd7 11.Nc4 Qe6 12.Bd2 O-O-O 13.Bc3 g5 14.Ne3 h5 15.Qf5 Rh6
16.Qxe6 fxe6 17.Nc4 Bd6 18.a4 c5 19.g3 Rg6 20.Kg2 Rf8 21.a5 Rf7 22.Rh1 Rgf6
23.Raf1 Rf8 24.Bd2 Rg6 25.h4 g4 26.Bg5 Nf6 27.f3 Kd7 28.Bxf6 gxf3+ 29.Rxf3 Rgxf6
30.Rhf1 Ke7 31.Rxf6 Rxf6 32.Rxf6 Kxf6 33.Nxd6 cxd6 34.c4 Kg6 35.Kh3 Kh6 36.g4
Kg6 37.gxh5+

[Event "CAMPEONATO PANAMERICANO-CONTINENTAL ABSOLUTO 2010"
[Site "Cali, Departamento del Valle del Cauca"]
[Date "2010.11.17"]
[Round "2"]
[Board "1"]
[White "Escobar Forero, Alder"]
[Black "Heredia Serrano, Carla"]
[Result "1-0"]
[WhiteElo "2456"]
[BlackElo "2087"]
[PlyCount "99"]
[EventDate "2010.11.17"]
[EventRounds "9"]
[EventCountry "COL"]

1.e4 c6 2.d4 d5 3.e5 c5 4.dxc5 e6 5.Nd2 Nc6 6.f4 Bxc5 7.Ngf3 Nh6 8.Nb3 Bb6 9.Bd3
Ng4 10.Qe2 Bf2+ 11.Kd1 Bb6 12.Rf1 Nb4 13.h3 Nxd3 14.hxg4 Nxc1 15.Rxc1 Bd7
16.Nbd4 a6 17.c3 Qe7 18.Rh1 Ba4+ 19.Kd2 O-O-O 20.Rh5 Kb8 21.Rch1 h6 22.g5 Rhg8
23.gxh6 gxh6 24.Rxh6 Rg4 25.Ke3 Rdg8 26.Rh8 Bb5 27.Rxg8+ Rxg8 28.Qc2 Qf8 29.a4
Be8 30.Rh7 f6 31.Qb3 fxe5 32.Qxb6 Qxf4+ 33.Kf2 Qg3+ 34.Kf1 Qxg2+ 35.Ke1 Qg3+
36.Kd1 Rg7 37.Rxg7 Qxg7 38.Qd8+ Ka7 39.Qxe8 exd4 40.Nxd4 Qg4+ 41.Kc2 Qe4+ 42.Kd2
Qf4+ 43.Kd1 Qg4+ 44.Ne2 Qe4 45.Kd2 Qf5 46.Qe7 e5 47.Qc5+ Ka8 48.Qxd5 Qb1 49.Qg8+
Ka7 50.Qg1+

[Event "CAMPEONATO PANAMERICANO-CONTINENTAL ABSOLUTO 2010"
[Site "Cali, Departamento del Valle del Cauca"]
[Date "2010.11.17"]
[Round "2"]
[Board "1"]
[White "Romero Echeverria, Abigail"]
[Black "Ostos, Julio"]
[Result "0-1"]
[WhiteElo "2068"]
[BlackElo "2325"]
[PlyCount "112"]
[EventDate "2010.11.17"]
[EventRounds "9"]
[EventCountry "COL"]

1.e4 e6 2.d4 d5 3.e5 c5 4.c3 Nc6 5.Nf3 Bd7 6.dxc5 Bxc5 7.b4 Bb6 8.b5 Na5 9.Bd3
Qc7 10.Qe2 Nc4 11.a4 a6 12.Bxc4 Qxc4 13.Qxc4 dxc4 14.Na3 axb5 15.axb5 Bc5 16.O-O
Ne7 17.Bb2 O-O 18.Nd2 Ra4 19.Naxc4 Bxb5 20.Rxa4 Bxa4 21.Ne4 Bb5 22.Nxc5 Bxc4
23.Rd1 b5 24.Nd7 Re8 25.Nb6 Ng6 26.Nd7 Bd5 27.Nb6 Nxe5 28.Nxd5 exd5 29.Bc1 Nc4
30.Kf1 Rd8 31.Bf4 f6 32.h4 Kf7 33.g3 Rd7 34.Rb1 Rb7 35.Ke2 Ke6 36.Kd3 Ne5+
37.Kd4 Rc7 38.Rb3 Rc4+ 39.Ke3 Nc6 40.Rxb5 Rxc3+ 41.Kd2 Rc2+ 42.Kxc2 Nd4+ 43.Kd3
Nxb5 44.Bd2 h5 45.Bb4 Kf5 46.Be7 g6 47.f3 Ke6 48.Bc5 Nd6 49.Bf2 Nc4 50.Be1 Ne5+
51.Ke3 d4+ 52.Ke2 Kd5 53.Ba5 d3+ 54.Kf2 Kd4 55.Bd8 Kc3 56.g4 Kc2

[Event "CAMPEONATO PANAMERICANO-CONTINENTAL ABSOLUTO 2010"
[Site "Cali, Departamento del Valle del Cauca"]
[Date "2010.11.17"]
[Round "2"]
[Board "1"]
[White "Acosta, Mariano"]
[Black "Uribe Arteaga, Daniel"]
[Result "0-1"]
[WhiteElo "2060"]
[BlackElo "2220"]
[PlyCount "106"]
[EventDate "2010.11.17"]
[EventRounds "9"]
[EventCountry "COL"]

1.b3 e5 2.Bb2 Nc6 3.e3 Nf6 4.d4 exd4 5.exd4 d5 6.Nf3 Bg4 7.Be2 Bd6 8.O-O O-O
9.c4 Re8 10.Nc3 dxc4 11.bxc4 Bxf3 12.Bxf3 Nxd4 13.Nb5 Nxf3+ 14.Qxf3 Ne4 15.Rfe1
Nc5 16.Qg4 Rxe1+ 17.Rxe1 Qf8 18.Nxd6 cxd6 19.Re7 b6 20.h4 h5 21.Qe2 Nd3 22.Bc3
Ne5 23.Rc7 Qd8 24.Qe4 Qxc7 25.Qxa8+ Kh7 26.Bxe5 dxe5 27.Qe4+ g6 28.g4 hxg4 29.h5
f5 30.hxg6+ Kxg6 31.Qd5 Kg5 32.Qg8+ Kf4 33.Qd5 e4 34.Qd2+ Ke5 35.Qd5+ Kf6 36.Kg2
Qc5 37.Qd8+ Qe7 38.Qd4+ Kg5 39.Qd5 e3 40.Qg8+ Kf4 41.Qb8+ Ke4 42.Qa8+ Kd3
43.Qd5+ Kc3 44.c5 e2 45.Qb3+ Kd4 46.Qb4+ Kd5 47.Qb3+ Kc6 48.Qa4+ b5 49.Qa6+ Kd5
50.Qxb5 Qe4+ 51.Kg3 e1=Q 52.Qb3+ Kd4 53.Qa4+ Kc3

[Event "CAMPEONATO PANAMERICANO-CONTINENTAL ABSOLUTO 2010"
[Site "Cali, Departamento del Valle del Cauca"]
[Date "2010.11.17"]
[Round "2"]
[Board "1"]
[White "Vacca, Leonardo"]
[Black "Renteria, Rolando"]
[Result "1/2-1/2"]
[WhiteElo "2043"]
[BlackElo "2201"]
[PlyCount "92"]
[EventDate "2010.11.17"]
[EventRounds "9"]
[EventCountry "COL"]

1.e4 c5 2.Nf3 d6 3.d4 cxd4 4.Nxd4 Nf6 5.Nc3 a6 6.g3 b5 7.Bg2 Bb7 8.O-O Nbd7
9.Re1 e5 10.Nf5 Qc7 11.Bg5 b4 12.Nd5 Nxd5 13.exd5 h6 14.Bd2 a5 15.c3 g6 16.Nd4
bxc3 17.Rc1 Qb6 18.bxc3 Bg7 19.Rb1 Qc7 20.Nb5 Qb8 21.Nxd6+ Qxd6 22.Rxb7 Nc5
23.Rb5 O-O 24.c4 f5 25.Be3 Rac8 26.Rxa5 g5 27.Rxc5 Rxc5 28.Bxc5 Qxc5 29.Qa4 e4
30.Qb5 Bd4 31.Qxc5 Bxc5 32.Rb1 f4 33.Bxe4 fxg3 34.hxg3 Rxf2 35.Rb5 Be3 36.d6
Rd2+ 37.Kf1 Rxd6 38.Ke2 Bg1 39.Bd5+ Kg7 40.a4 Kf6 41.Rb1 Bb6 42.Kd3 g4 43.Ke4
Kg5 44.Ke5 Bc7 45.Rb7 Rc6+ 46.Rxc7 Rxc7

[Event "CAMPEONATO PANAMERICANO-CONTINENTAL ABSOLUTO 2010"
[Site "Cali, Departamento del Valle del Cauca"]
[Date "2010.11.17"]
[Round "2"]
[Board "1"]
[White "Guelgua, Alvaro"]
[Black "Saladen, Rafael"]
[Result "1-0"]
[WhiteElo "2039"]
[BlackElo "2195"]
[PlyCount "119"]
[EventDate "2010.11.17"]
[EventRounds "9"]
[EventCountry "COL"]

1.e4 c5 2.Nf3 d6 3.d4 cxd4 4.Nxd4 Nf6 5.Nc3 Nc6 6.Bc4 e6 7.Be3 a6 8.Bb3 Bd7
9.O-O Be7 10.f4 Qc7 11.f5 Nxd4 12.Bxd4 e5 13.Be3 Bc6 14.Qf3 b5 15.Qg3 Kf8 16.Qf3
b4 17.Nd5 Nxd5 18.exd5 Bb5 19.Rfc1 e4 20.Qxe4 Re8 21.Qxb4 Bf6 22.Bd4 Re4 23.c3
Bd3 24.Re1 Bxd4+ 25.cxd4 Rxe1+ 26.Rxe1 Bxf5 27.Qa4 g6 28.Qxa6 Kg7 29.Qc6 Qa7
30.Qxd6 Qxd4+ 31.Kh1 Rc8 32.h3 f6 33.Qe7+ Kh8 34.d6 h5 35.Rd1 Qe5 36.Qxe5 fxe5
37.a4 Rb8 38.Bc4 Bc2 39.Rd5 Bxa4 40.b3 Bd7 41.Rxe5 Rb6 42.Rd5 h4 43.Kg1 Kg7
44.Kf2 Kf6 45.Ke3 Rb8 46.Kd4 Bc6 47.Kc5 Rc8 48.Ba6 Bxd5+ 49.Bxc8 Bxb3 50.Kb6 Ba4
51.Kc7 Kg5 52.d7 Bxd7 53.Bxd7 Kf4 54.Bg4 Kg3 55.Bf3 Kf4 56.Kd6 Kf5 57.Bg4+ Kf6
58.Be6 Kg5 59.Ke5 Kh6 60.Kf6

[Event "CAMPEONATO PANAMERICANO-CONTINENTAL ABSOLUTO 2010"
[Site "Cali, Departamento del Valle del Cauca"]
[Date "2010.11.17"]
[Round "2"]
[Board "1"]
[White "Beltran, Carlos Armando"]
[Black "Hernandez, Oscar Eduardo"]
[Result "1-0"]
[WhiteElo "2194"]
[BlackElo "2025"]
[PlyCount "92"]
[EventDate "2010.11.17"]
[EventRounds "9"]
[EventCountry "COL"]

1.Nf3 Nf6 2.d4 d5 3.c4 c6 4.Qc2 g6 5.Bf4 Bg7 6.e3 Qa5+ 7.Nbd2 O-O 8.Bd3 e6 9.O-O
Nbd7 10.Bd6 Re8 11.b4 Qd8 12.c5 Bf8 13.Bxf8 Kxf8 14.Qc3 Kg8 15.Ne5 Nxe5 16.dxe5
Nd7 17.f4 b6 18.Nf3 a5 19.a3 bxc5 20.bxc5 Ba6 21.Bxa6 Rxa6 22.Nd4 Qc7 23.Rab1
Rb8 24.Rxb8+ Qxb8 25.Qc2 Qc7 26.Rc1 a4 27.Qb2 Qb8 28.Qb4 Qxb4 29.axb4 a3 30.Ra1
Kf8 31.Kf2 Nb8 32.Nc2 a2 33.Ke2 Ke7 34.Kd3 f6 35.exf6+ Kxf6 36.Kc3 e5 37.Kb2
exf4 38.exf4 Kf5 39.g3 Ke4 40.Na3 Ra7 41.Rxa2 Nd7 42.Ra1 Kd3 43.Rc1 Ra8 44.Rc3+
Ke4 45.Nc2 d4 46.Rc4 Kf3

[Event "CAMPEONATO PANAMERICANO-CONTINENTAL ABSOLUTO 2010"
[Site "Cali, Departamento del Valle del Cauca"]
[Date "2010.11.17"]
[Round "2"]
[Board "1"]
[White "Tobar, Juan Carlos"]
[Black "Fandino Reyes, Roquelina"]
[Result "1-0"]
[WhiteElo "2016"]
[BlackElo "2177"]
[PlyCount "126"]
[EventDate "2010.11.17"]
[EventRounds "9"]
[EventCountry "COL"]

1.g3 e5 2.Bg2 d5 3.d3 Nf6 4.e3 c6 5.Nd2 Be7 6.Ne2 O-O 7.b3 Be6 8.Bb2 Nbd7 9.O-O
Qc7 10.h3 Nb6 11.Kh1 Rad8 12.f4 exf4 13.Nxf4 c5 14.Qe2 c4 15.Bd4 cxd3 16.cxd3
Qd7 17.g4 Rc8 18.Nf3 Ne8 19.Rf2 f6 20.Bxb6 axb6 21.Nxe6 Qxe6 22.Nd4 Qd7 23.Qf3
Nc7 24.Nf5 Ba3 25.Rb1 Rcd8 26.b4 Rfe8 27.Rb3 Ra8 28.Rc2 Ra4 29.Rbc3 Nb5 30.Qxd5+
Qxd5 31.Bxd5+ Kf8 32.Rc8 g6 33.Ng3 Rxb4 34.Rxe8+ Kxe8 35.Bxb7 Nd6 36.Bd5 Rb1+
37.Kg2 Rd1 38.d4 Kd8 39.Kf3 Rb1 40.Ne2 Rf1+ 41.Kg3 f5 42.Kg2 Re1 43.Kf2 Rb1
44.Ng3 Bb4 45.gxf5 gxf5 46.Be6 Ke7 47.Bd5 f4 48.exf4 Be1+ 49.Kf3 Bxg3 50.Kxg3
Nf5+ 51.Kf2 Nxd4 52.Rd2 Nb5 53.Bb3 h6 54.Re2+ Kd7 55.Re3 Nd6 56.f5 Rb2+ 57.Kf3
Ne8 58.Be6+ Ke7 59.Bb3+ Kd7 60.Re6 Rb1 61.Rxb6 Nd6 62.Be6+ Ke7 63.Rxb1 h5